000 00484nam a2200157Ia 4500
003 GCL
008 140319s9999 xx 000 0 ara d
040 _aGCL /
_cGCL
082 0 4 _a812.043
_bب س
100 1 _aبيومى قنديل
245 1 0 _aسفر الخروج المصرى (مسرحية من ثلاثة فصول) /
_cبيومى قنديل
490 _aكتاب النيل
_v0
650 0 4 _aالمسرحيات
650 0 4 _aالمسرحيات العربية
942 _2ddc
_cBK
999 _c40628
_d40628